QCM- Quelle ville n'appartient pas à ce pays ? - Statistiques

Statistiques générales
  • Ce quiz a été pris 215 fois
  • Le résultat moyen est 13 sur 15
Statistiques - réponses
Question Réponse % Correct
France 🟢 Trèves
100%
Suède 🟢 Alger
99%
Etats-Unis 🟢 Montréal
99%
Allemagne 🟢 Vienne
99%
Pologne🟢 Copenhague
97%
Espagne 🟡 Gênes
97%
Belgique 🟡 Essen
94%
Maroc 🟡 Dakar
91%
Suisse 🟠 Constance
84%
Italie 🟡 Pula
84%
Chine 🟠 Gifu
77%
France 🔴 Saint-Gall
68%
Portugal 🔴 Córdoba
65%
Brésil 🟠 Ferrol
57%
Italie 🔴 Santa Venera
48%
Aucun quiz correspondant
Distribution des résultats
% des personnes avec chaque résultat
Percentile par nombre de réponses
Votre historique - résultats
Vous n’avez pas pris ce quiz